<?xml version="1.0" encoding="UTF-8"?>
<record
    xmlns:xsi="http://www.w3.org/2001/XMLSchema-instance"
    xsi:schemaLocation="http://www.loc.gov/MARC21/slim http://www.loc.gov/standards/marcxml/schema/MARC21slim.xsd"
    xmlns="http://www.loc.gov/MARC21/slim">

  <leader>00762na  a2200253   4500</leader>
  <controlfield tag="001">24465</controlfield>
  <controlfield tag="003">MIRAKIL</controlfield>
  <controlfield tag="005">20181226104234.0</controlfield>
  <controlfield tag="008">181114b        tu            000 0      </controlfield>
  <datafield tag="035" ind1=" " ind2=" ">
    <subfield code="a">17428</subfield>
  </datafield>
  <datafield tag="041" ind1=" " ind2=" ">
    <subfield code="a">tur</subfield>
  </datafield>
  <datafield tag="082" ind1=" " ind2=" ">
    <subfield code="a">328.37</subfield>
    <subfield code="b">C36k 1998</subfield>
  </datafield>
  <datafield tag="090" ind1=" " ind2=" ">
    <subfield code="a">328.37 C36k 1998</subfield>
  </datafield>
  <datafield tag="111" ind1=" " ind2=" ">
    <subfield code="a">CHP &#x130;zmir Toplant&#x131;s&#x131;</subfield>
    <subfield code="c">&#x130;zmir</subfield>
    <subfield code="d">4 Temmuz 1998</subfield>
  </datafield>
  <datafield tag="240" ind1=" " ind2=" ">
    <subfield code="a">CHP &#x130;zmir Toplant&#x131;s&#x131;</subfield>
  </datafield>
  <datafield tag="245" ind1=" " ind2=" ">
    <subfield code="a">Kat&#x131;l&#x131;mc&#x131; demokrasi uygulamas&#x131;</subfield>
    <subfield code="c">Cumhuriyet Halk Partisi</subfield>
  </datafield>
  <datafield tag="260" ind1=" " ind2=" ">
    <subfield code="a">[Ankara] </subfield>
    <subfield code="b">CHP</subfield>
    <subfield code="c">[t.y.]</subfield>
  </datafield>
  <datafield tag="300" ind1=" " ind2=" ">
    <subfield code="a">132 s.</subfield>
    <subfield code="c">21 sm.</subfield>
  </datafield>
  <datafield tag="650" ind1=" " ind2=" ">
    <subfield code="a">CHP</subfield>
    <subfield code="x">MYK</subfield>
    <subfield code="y">Toplant&#x131;lar</subfield>
    <subfield code="z">&#x130;zmir</subfield>
  </datafield>
  <datafield tag="650" ind1=" " ind2=" ">
    <subfield code="a">CHP</subfield>
    <subfield code="x">Demokrasi</subfield>
    <subfield code="y">Toplant&#x131;lar</subfield>
  </datafield>
  <datafield tag="740" ind1=" " ind2=" ">
    <subfield code="a">CHP &#x130;zmir Toplant&#x131;s&#x131; Kat&#x131;l&#x131;mc&#x131; Demokrasi Uygulamas&#x131;</subfield>
  </datafield>
  <datafield tag="942" ind1=" " ind2=" ">
    <subfield code="2">ddc</subfield>
    <subfield code="c">BKS</subfield>
  </datafield>
  <datafield tag="040" ind1=" " ind2=" ">
    <subfield code="a">Milas</subfield>
    <subfield code="b">tur</subfield>
    <subfield code="c">TR-AnCHP</subfield>
  </datafield>
  <datafield tag="952" ind1=" " ind2=" ">
    <subfield code="5">0</subfield>
    <subfield code="a">0002</subfield>
    <subfield code="b">0002</subfield>
    <subfield code="d">2018-11-14</subfield>
    <subfield code="l">0</subfield>
    <subfield code="o">328.37 C36k 1998</subfield>
    <subfield code="p">P00236</subfield>
    <subfield code="r">2018-11-14 00:00:00</subfield>
    <subfield code="v">0.00</subfield>
    <subfield code="w">2018-11-14</subfield>
    <subfield code="x"> Ertu&#x11F;rul &#xC7;epni</subfield>
    <subfield code="y">BKS</subfield>
  </datafield>
  <datafield tag="999" ind1=" " ind2=" ">
    <subfield code="c">11798</subfield>
    <subfield code="d">11798</subfield>
  </datafield>
</record>
